Multimedia authoring building and developing documents

Guardado en:
Detalles Bibliográficos
Autor principal: Fisher, Scott
Formato: Libro
Lenguaje:inglés
Publicado: Boston AP Professional 1994
Materias:
Etiquetas: Agregar Etiqueta
Sin Etiquetas, Sea el primero en etiquetar este registro!

MARC

LEADER 00000nam$a2200000$$$4500
001 0089584
005 20240111124632.8
020 |a 0-12-257560-1 
041 0 |a eng 
044 |a US 
245 1 0 |a Multimedia authoring  |b building and developing documents  |c Scott Fisher 
264 1 |a Boston  |b AP Professional  |c 1994 
300 |a 286 s. 
610 2 0 |a multimédiá 
610 2 0 |a dokumenty 
610 2 0 |a moduly 
610 2 0 |a médiá 
610 2 0 |a báza dát 
610 2 0 |a informácie 
100 1 |a Fisher, Scott